Errate den Song am Songtext #11 - Statistiken

Allgemein
  • Dieses Quiz wurde 300 mal gespielt
  • Das Durchschnittsergebnis liegt bei 105 aus 270
Antwortstatistiken
Antwort % Korrekt
I
100%
a
97%
The
76%
the
76%
me
67%
and
63%
And
63%
it
63%
On
61%
to
61%
To
61%
have
59%
will
59%
My
57%
my
57%
where
55%
Where
55%
that
54%
That
54%
of
47%
Of
47%
in
46%
know
43%
Dont
41%
one
41%
then
41%
this
41%
ever
39%
only
38%
Im
33%
But
32%
its
32%
there
30%
road
26%
goes
25%
walk
25%
up
24%
alone
22%
lonely
22%
street
22%
down
20%
thing
18%
city
17%
Dreams
17%
find
17%
home
16%
Ah
15%
ah
15%
Broken
15%
empty
15%
Boulevard
14%
mind
14%
out
14%
thats
14%
Read
13%
line
12%
shadows
12%
sleeps
12%
beside
11%
someone
11%
still
11%
Til
11%
beating
10%
hearts
10%
walks
10%
wish
10%
shallow
9%
Sometimes
9%
alive
7%
between
7%
somewhere
7%
walking
7%
alright
6%
signs
6%
Whats
6%
borderline
5%
Check
5%
divides
5%
edge
5%
everythings
5%
fucked
5%
lines
5%
vital
5%
besides
3%
Keine übereinstimmenden Quizze gefunden
Verteilung der Resultate
Anzahl Personen mit jedem Resultat
Perzentil nach korrekt beantworteten Fragen
Ihre Resultats-Entwicklung
Sie haben dieses Quiz noch nicht gespielt